[Event "MESRRK"]
[Site "?"]
[Date "2018.05.27"]
[Round "7.1"]
[White "Kovalskyi, Roman"]
[Black "Kostolansky, Sebastian Lukas"]
[Result "0-1"]
[BlackElo "1923"]
[WhiteElo "1610"]
[LiveChessVersion "1.4.8"]

1. e4 {[%clk 0:20:19]} e6 {[%clk 0:20:19]} 2. d4 {[%clk 0:20:28]} d5
{[%clk 0:20:28]} 3. Nd2 {[%clk 0:20:36]} c5 {[%clk 0:20:37]} 4. exd5
{[%clk 0:20:45]} exd5 {[%clk 0:20:46]} 5. Ngf3 {[%clk 0:20:53]} Nc6
{[%clk 0:20:55]} 6. Bb5 {[%clk 0:21:01]} Bd6 {[%clk 0:21:04]} 7. dxc5
{[%clk 0:21:10]} Bxc5 {[%clk 0:21:12]} 8. O-O {[%clk 0:21:15]} Nge7
{[%clk 0:21:21]} 9. Nb3 {[%clk 0:21:24]} Bb6 {[%clk 0:21:30]} 10. Re1
{[%clk 0:21:28]} O-O {[%clk 0:21:37]} 11. Be3 {[%clk 0:21:22]} Bg4
{[%clk 0:20:51]} 12. Bxb6 {[%clk 0:21:23]} axb6 {[%clk 0:20:32]} 13. c3
{[%clk 0:19:51]} Qd6 {[%clk 0:19:28]} 14. Be2 {[%clk 0:18:30]} Ng6
{[%clk 0:18:16]} 15. Nfd4 {[%clk 0:12:26]} Be6 {[%clk 0:16:44]} 16. Qd2
{[%clk 0:09:47]} Rfe8 {[%clk 0:14:10]} 17. a3 {[%clk 0:08:49]} Rad8
{[%clk 0:13:13]} 18. Rad1 {[%clk 0:08:43]} h6 {[%clk 0:09:46]} 19. h3
{[%clk 0:05:51]} Nf4 {[%clk 0:08:50]} 20. Bf1 {[%clk 0:05:39]} g5
{[%clk 0:08:00]} 21. Ne2 {[%clk 0:05:14]} Ng6 {[%clk 0:05:59]} 22. Ned4
{[%clk 0:04:36]} Nce5 {[%clk 0:05:20]} 23. Re3 {[%clk 0:03:23]} Nf4
{[%clk 0:03:30]} 24. Nf3 {[%clk 0:02:36]} Neg6 {[%clk 0:02:12]} 25. Nbd4
{[%clk 0:02:06]} g4 {[%clk 0:01:58]} 26. Nxe6 {[%clk 0:01:59]} fxe6
{[%clk 0:02:01]} 27. hxg4 {[%clk 0:02:03]} e5 {[%clk 0:02:03]} 28. g3
{[%clk 0:01:40]} Ne6 {[%clk 0:02:12]} 29. Nh4 {[%clk 0:01:25]} Nxh4
{[%clk 0:02:17]} 30. gxh4 {[%clk 0:01:34]} Nf4 {[%clk 0:02:26]} 31. Rg3
{[%clk 0:01:26]} Qg6 {[%clk 0:02:06]} 32. g5 {[%clk 0:01:09]} h5 {[%clk 0:02:14]}
33. Bd3 {[%clk 0:00:54]} Qf7 {[%clk 0:02:22]} 34. g6 {[%clk 0:00:53]} Qf6
{[%clk 0:02:31]} 35. Rg5 {[%clk 0:00:37]} Kg7 {[%clk 0:02:30]} 36. Kh2
{[%clk 0:00:25]} d4 {[%clk 0:02:24]} 37. c4 {[%clk 0:00:17]} e4 {[%clk 0:02:18]}
38. Be2 {[%clk 0:00:25]} e3 {[%clk 0:02:10]} 39. fxe3 {[%clk 0:00:26]} Rxe3
{[%clk 0:02:05]} 40. Bf1 {[%clk 0:00:25]} Ne6 {[%clk 0:01:35]} 41. Rxh5
{[%clk 0:00:26]} Qf4+ {[%clk 0:01:44]} 42. Kh1 {[%clk 0:00:24]} Qf3+
{[%clk 0:01:53]} 43. Bg2 {[%clk 0:00:29]} Qxh5 {[%clk 0:02:02]} 44. Rf1
{[%clk 0:00:24]} Qxh4+ 45. Kg1 Rf8 {[%clk 0:01:44]} 46. Rd1 {[%clk 0:00:27]} Rh8
{[%clk 0:01:41]} 47. Bd5 {[%clk 0:00:14]} Qg3+ {[%clk 0:01:49]} 48. Qg2
{[%clk 0:00:15]} Re1+ {[%clk 0:01:56]} 49. Rxe1 {[%clk 0:00:22]} Qxe1+
{[%clk 0:02:04]} 50. Qf1 {[%clk 0:00:31]} Qxf1+ {[%clk 0:02:10]} 51. Kxf1
{[%clk 0:00:40]} Nf4 {[%clk 0:02:19]} 52. Bxb7 {[%clk 0:00:45]} Kxg6
{[%clk 0:02:28]} 53. Be4+ Kf6 {[%clk 0:02:47]} 54. Ke1 {[%clk 0:00:56]} Ke5 55.
Bc2 {[%clk 0:00:50]} d3 {[%clk 0:02:56]} 56. Bd1 {[%clk 0:00:57]} Rh1+
{[%clk 0:03:02]} 57. Kd2 {[%clk 0:01:06]} Kd4 {[%clk 0:03:11]} 58. Bb3
{[%clk 0:01:08]} Rb1 {[%clk 0:03:18]} 59. Bd1 {[%clk 0:01:09]} Rxb2+
{[%clk 0:03:27]} 60. Ke1 {[%clk 0:01:19]} Ke3 {[%clk 0:03:34]} 61. a4
{[%clk 0:01:25]} Rf2 {[%clk 0:03:41]} 62. Bb3 {[%clk 0:01:24]} d2+
{[%clk 0:03:48]} 63. Kd1 {[%clk 0:01:33]} Rf1+ {[%clk 0:03:57]} 64. Kc2
{[%clk 0:01:42]} d1=Q+ {[%clk 0:04:05]} 65. Kc3 {[%clk 0:01:52]} Qd2# 0-1

[Event "MESRRK"]
[Site "?"]
[Date "2018.05.27"]
[Round "7.2"]
[White "Salgovic, Simon"]
[Black "Domanskiy, Mykola"]
[Result "0-1"]
[BlackElo "1598"]
[WhiteElo "1643"]
[LiveChessVersion "1.4.8"]

1. e4 {[%clk 0:20:19]} e6 {[%clk 0:20:19]} 2. d4 {[%clk 0:20:28]} d5
{[%clk 0:20:28]} 3. Nd2 {[%clk 0:20:37]} Nf6 {[%clk 0:20:36]} 4. e5
{[%clk 0:20:46]} Nfd7 {[%clk 0:20:45]} 5. Bd3 {[%clk 0:20:45]} c5
{[%clk 0:20:55]} 6. c3 {[%clk 0:20:54]} Nc6 {[%clk 0:21:04]} 7. Ne2
{[%clk 0:21:02]} cxd4 {[%clk 0:21:13]} 8. cxd4 {[%clk 0:21:11]} f6
{[%clk 0:21:22]} 9. exf6 {[%clk 0:20:14]} Nxf6 {[%clk 0:21:31]} 10. Nf3
{[%clk 0:20:10]} Bd6 {[%clk 0:21:40]} 11. O-O {[%clk 0:20:18]} O-O
{[%clk 0:21:49]} 12. a3 {[%clk 0:20:04]} Qc7 {[%clk 0:21:42]} 13. Ng3
{[%clk 0:19:46]} Bf4 {[%clk 0:21:09]} 14. Bxf4 {[%clk 0:19:22]} Qxf4
{[%clk 0:21:18]} 15. Re1 {[%clk 0:19:24]} Kh8 {[%clk 0:19:56]} 16. Bc2
{[%clk 0:19:01]} Bd7 {[%clk 0:18:44]} 17. Rc1 {[%clk 0:18:20]} Rac8
{[%clk 0:18:50]} 18. Ne2 {[%clk 0:17:36]} Qd6 {[%clk 0:18:26]} 19. Ng3
{[%clk 0:16:31]} h6 {[%clk 0:18:16]} 20. Qd3 {[%clk 0:16:25]} Be8
{[%clk 0:15:43]} 21. Ne5 {[%clk 0:15:38]} Qe7 {[%clk 0:13:08]} 22. Bb1
{[%clk 0:14:32]} Kg8 {[%clk 0:12:11]} 23. b4 {[%clk 0:11:39]} a6 {[%clk 0:10:31]}
24. Qe3 {[%clk 0:07:05]} Nxe5 {[%clk 0:06:39]} 25. dxe5 {[%clk 0:03:50]} Rxc1
{[%clk 0:06:48]} 26. Rxc1 {[%clk 0:03:54]} Ng4 {[%clk 0:06:46]} 27. Qd3
{[%clk 0:03:44]} g6 {[%clk 0:06:51]} 28. Qe2 {[%clk 0:03:04]} Qg5
{[%clk 0:06:14]} 29. Rf1 {[%clk 0:02:48]} Bb5 {[%clk 0:04:47]} 30. Bd3
{[%clk 0:02:56]} Bxd3 {[%clk 0:04:52]} 31. Qxd3 {[%clk 0:03:05]} Nxe5
{[%clk 0:05:02]} 32. Qe2 {[%clk 0:02:56]} Qf6 {[%clk 0:05:11]} 33. f4
{[%clk 0:03:00]} Nc4 {[%clk 0:05:13]} 34. Qd3 {[%clk 0:03:05]} Nb2
{[%clk 0:05:00]} 35. Qd2 {[%clk 0:03:03]} Nc4 {[%clk 0:05:03]} 36. Qd3
{[%clk 0:03:12]} Kg7 {[%clk 0:05:06]} 37. f5 {[%clk 0:03:10]} exf5
{[%clk 0:05:02]} 38. Qxd5 {[%clk 0:02:50]} Ne3 {[%clk 0:05:11]} 39. Qxb7+
{[%clk 0:01:57]} Rf7 {[%clk 0:05:21]} 40. Qf3 {[%clk 0:01:55]} Nxf1
{[%clk 0:05:30]} 41. Qxf1 {[%clk 0:02:04]} Qb6+ {[%clk 0:04:56]} 42. Qf2
{[%clk 0:02:13]} Qc6 {[%clk 0:06:45]} 43. Ne2 {[%clk 0:02:20]} Rd7
{[%clk 0:06:43]} 44. Qe1 {[%clk 0:02:18]} Qa4 {[%clk 0:06:35]} 45. Nc3
{[%clk 0:02:16]} Qxa3 {[%clk 0:06:40]} 46. Qe5+ {[%clk 0:02:24]} Kh7
{[%clk 0:06:46]} 47. h3 {[%clk 0:02:15]} Qxb4 {[%clk 0:06:52]} 48. Nd5
{[%clk 0:02:20]} Qc5+ {[%clk 0:06:58]} 0-1

[Event "MESRRK"]
[Site "?"]
[Date "2018.05.27"]
[Round "7.4"]
[White "Juchelka, Marek"]
[Black "Stevik, Patrik"]
[Result "0-1"]
[BlackElo "1609"]
[WhiteElo "1388"]
[LiveChessVersion "1.4.8"]

1. e4 {[%clk 0:20:18]} c5 {[%clk 0:20:18]} 2. Nf3 {[%clk 0:20:26]} d6
{[%clk 0:20:26]} 3. d4 {[%clk 0:20:35]} cxd4 4. Nxd4 {[%clk 0:20:39]} Nf6
{[%clk 0:20:45]} 5. Nc3 {[%clk 0:20:48]} Nc6 {[%clk 0:20:52]} 6. Be2
{[%clk 0:20:55]} e6 {[%clk 0:21:00]} 7. Be3 {[%clk 0:21:02]} Be7 {[%clk 0:21:09]}
8. O-O {[%clk 0:21:04]} a6 {[%clk 0:21:18]} 9. Qd2 {[%clk 0:20:49]} O-O
{[%clk 0:21:09]} 10. Rad1 {[%clk 0:20:55]} Qc7 {[%clk 0:21:14]} 11. f4
{[%clk 0:20:17]} Nxd4 {[%clk 0:20:26]} 12. Bxd4 {[%clk 0:19:35]} b5
{[%clk 0:20:20]} 13. a3 {[%clk 0:19:31]} Bb7 {[%clk 0:20:26]} 14. e5
{[%clk 0:19:30]} dxe5 {[%clk 0:20:32]} 15. Bxe5 {[%clk 0:19:32]} Qb6+
{[%clk 0:20:30]} 16. Bd4 {[%clk 0:19:30]} Bc5 {[%clk 0:20:05]} 17. Kh1
{[%clk 0:19:15]} Nd5 {[%clk 0:18:37]} 18. Nxd5 {[%clk 0:15:10]} Bxd5
{[%clk 0:18:34]} 19. Bf3 {[%clk 0:14:31]} Rad8 {[%clk 0:16:35]} 20. Bxc5
{[%clk 0:12:52]} Qxc5 {[%clk 0:16:36]} 21. Bxd5 {[%clk 0:12:50]} Rxd5
{[%clk 0:16:45]} 22. Qe2 {[%clk 0:12:47]} Rfd8 {[%clk 0:15:57]} 23. Rxd5
{[%clk 0:12:33]} Qxd5 {[%clk 0:16:06]} 24. h3 {[%clk 0:11:40]} h6
{[%clk 0:15:52]} 25. b3 {[%clk 0:11:11]} Rc8 {[%clk 0:14:37]} 26. Rc1
{[%clk 0:10:57]} Qd6 {[%clk 0:14:36]} 27. a4 {[%clk 0:10:08]} Qxf4
{[%clk 0:14:22]} 28. Rf1 {[%clk 0:10:13]} Qb4 {[%clk 0:13:39]} 29. axb5
{[%clk 0:09:53]} axb5 {[%clk 0:12:55]} 30. Qf2 {[%clk 0:08:04]} f6
{[%clk 0:11:54]} 31. Qg3 {[%clk 0:07:20]} Qd4 {[%clk 0:10:47]} 32. Rc1
{[%clk 0:06:36]} b4 {[%clk 0:10:33]} 33. Qe1 {[%clk 0:06:33]} e5 {[%clk 0:10:26]}
34. Rd1 {[%clk 0:06:30]} Qc3 {[%clk 0:10:14]} 35. Qxc3 {[%clk 0:05:52]} Rxc3
{[%clk 0:10:21]} 36. Rd5 {[%clk 0:05:58]} Rxc2 {[%clk 0:10:27]} 37. Rb5
{[%clk 0:06:06]} Rb2 {[%clk 0:10:30]} 38. Rxb4 {[%clk 0:06:15]} Kf7
{[%clk 0:10:39]} 39. Rb7+ {[%clk 0:06:24]} Kg6 {[%clk 0:10:48]} 40. b4
{[%clk 0:06:32]} e4 {[%clk 0:10:57]} 41. Kg1 {[%clk 0:06:29]} f5 {[%clk 0:11:06]}
42. b5 {[%clk 0:06:36]} Kf6 {[%clk 0:11:15]} 43. Rb8 {[%clk 0:06:40]} g5
{[%clk 0:11:23]} 44. Rb6+ {[%clk 0:06:45]} Kg7 {[%clk 0:11:31]} 45. Rb7+
{[%clk 0:06:54]} Kg6 {[%clk 0:11:41]} 46. Rb6+ {[%clk 0:07:03]} Kh5
{[%clk 0:11:40]} 47. Rb8 {[%clk 0:06:51]} f4 {[%clk 0:11:48]} 48. b6
{[%clk 0:06:52]} e3 {[%clk 0:11:54]} 49. b7 {[%clk 0:06:57]} Kh4 {[%clk 0:11:55]}
50. Rh8 {[%clk 0:06:51]} Rxb7 {[%clk 0:11:58]} 51. Rxh6+ {[%clk 0:06:59]} Kg3
{[%clk 0:12:07]} 52. Kf1 {[%clk 0:06:37]} Rb1+ {[%clk 0:12:16]} 53. Ke2
{[%clk 0:06:46]} Rb2+ {[%clk 0:12:25]} 54. Kf1 {[%clk 0:06:47]} Rxg2
{[%clk 0:12:31]} 55. Rg6 {[%clk 0:06:55]} e2+ {[%clk 0:12:40]} 56. Ke1
{[%clk 0:07:04]} Kf3 {[%clk 0:12:49]} 57. h4 {[%clk 0:06:51]} Rg1+
{[%clk 0:12:58]} 58. Kd2 {[%clk 0:07:01]} e1=Q+ {[%clk 0:13:06]} 59. Kd3
{[%clk 0:07:10]} Qe4+ {[%clk 0:13:14]} 0-1

[Event "MESRRK"]
[Site "?"]
[Date "2018.05.27"]
[Round "7.5"]
[White "Paseka, Matyas"]
[Black "Compel, Daniel"]
[Result "1-0"]
[BlackElo "1314"]
[WhiteElo "1651"]
[LiveChessVersion "1.4.8"]

1. e4 {[%clk 0:20:17]} e5 {[%clk 0:20:19]} 2. Nf3 {[%clk 0:20:26]} Nc6
{[%clk 0:20:27]} 3. Bb5 {[%clk 0:20:34]} a6 {[%clk 0:20:36]} 4. Ba4
{[%clk 0:20:43]} Nf6 {[%clk 0:20:44]} 5. O-O {[%clk 0:20:50]} d6 {[%clk 0:20:53]}
6. c3 {[%clk 0:20:46]} Nxe4 {[%clk 0:20:55]} 7. d4 {[%clk 0:20:42]} b5
{[%clk 0:20:07]} 8. Bb3 {[%clk 0:20:10]} Nf6 {[%clk 0:20:14]} 9. dxe5
{[%clk 0:20:20]} dxe5 {[%clk 0:20:22]} 10. Qxd8+ {[%clk 0:20:22]} Kxd8
{[%clk 0:20:31]} 11. Ng5 {[%clk 0:19:30]} Be6 {[%clk 0:20:04]} 12. Bxe6
{[%clk 0:19:21]} fxe6 {[%clk 0:20:12]} 13. Nf7+ {[%clk 0:19:27]} Ke8
{[%clk 0:20:11]} 14. Nxh8 {[%clk 0:19:32]} Bd6 {[%clk 0:20:05]} 15. Bg5
{[%clk 0:19:01]} Ke7 {[%clk 0:19:20]} 16. a4 {[%clk 0:17:49]} Rxh8
{[%clk 0:19:06]} 17. Nd2 {[%clk 0:17:48]} h6 {[%clk 0:19:08]} 18. Bxf6+
{[%clk 0:17:48]} gxf6 {[%clk 0:19:16]} 19. Rfe1 {[%clk 0:17:18]} f5
{[%clk 0:18:57]} 20. axb5 {[%clk 0:16:51]} axb5 {[%clk 0:19:06]} 21. Ra6
{[%clk 0:16:57]} Kd7 {[%clk 0:19:15]} 22. Rea1 {[%clk 0:16:28]} e4
{[%clk 0:18:34]} 23. Nb3 {[%clk 0:15:14]} Ne5 {[%clk 0:16:12]} 24. Nd4
{[%clk 0:14:57]} Nd3 {[%clk 0:14:48]} 25. b4 {[%clk 0:14:17]} Rb8
{[%clk 0:14:03]} 26. R1a5 {[%clk 0:12:07]} c6 {[%clk 0:12:51]} 27. Rxc6
{[%clk 0:11:12]} e5 {[%clk 0:12:05]} 28. Ra7+ {[%clk 0:11:08]} Ke8
{[%clk 0:11:42]} 29. Rxd6 {[%clk 0:09:03]} 1-0

[Event "MESRRK"]
[Site "?"]
[Date "2018.05.27"]
[Round "7.6"]
[White "Licka, Denis"]
[Black "Zumrik, Lukas"]
[Result "1/2-1/2"]
[BlackElo "1440"]
[WhiteElo "1306"]
[LiveChessVersion "1.4.8"]

1. e4 {[%clk 0:20:17]} e6 {[%clk 0:20:19]} 2. d4 {[%clk 0:20:25]} d5
{[%clk 0:20:27]} 3. exd5 {[%clk 0:20:32]} exd5 {[%clk 0:20:36]} 4. Bd3
{[%clk 0:20:40]} Nf6 {[%clk 0:20:40]} 5. Ne2 {[%clk 0:20:47]} Bd6
{[%clk 0:20:38]} 6. O-O {[%clk 0:20:50]} O-O {[%clk 0:20:45]} 7. Bf4
{[%clk 0:20:58]} c6 {[%clk 0:20:48]} 8. Nd2 {[%clk 0:20:49]} Be6 {[%clk 0:20:51]}
9. Nf3 {[%clk 0:19:48]} Qc7 {[%clk 0:20:50]} 10. Bxd6 {[%clk 0:19:53]} Qxd6
{[%clk 0:20:58]} 11. Ne5 {[%clk 0:20:00]} Nbd7 {[%clk 0:21:04]} 12. f4
{[%clk 0:19:58]} Nb6 {[%clk 0:19:31]} 13. b3 {[%clk 0:17:55]} c5 {[%clk 0:17:48]}
14. c3 {[%clk 0:16:06]} Bg4 {[%clk 0:16:44]} 15. Qc2 {[%clk 0:14:45]} Bxe2
{[%clk 0:15:55]} 16. Qxe2 {[%clk 0:14:42]} cxd4 {[%clk 0:16:03]} 17. cxd4
{[%clk 0:14:38]} Rfe8 {[%clk 0:15:28]} 18. Rfe1 {[%clk 0:13:15]} Nfd7
{[%clk 0:15:14]} 19. Qh5 {[%clk 0:13:00]} g6 {[%clk 0:15:03]} 20. Qg4
{[%clk 0:12:30]} Nxe5 {[%clk 0:14:53]} 21. fxe5 {[%clk 0:12:24]} Qe6
{[%clk 0:13:57]} 22. Qxe6 {[%clk 0:11:39]} fxe6 {[%clk 0:13:56]} 23. Rac1
{[%clk 0:11:42]} Rac8 {[%clk 0:14:02]} 24. Rf1 {[%clk 0:11:45]} Rxc1
{[%clk 0:14:09]} 25. Rxc1 {[%clk 0:11:54]} Rc8 {[%clk 0:14:15]} 26. Rf1
{[%clk 0:11:48]} Rc3 {[%clk 0:14:11]} 27. Rf3 {[%clk 0:10:58]} a6
{[%clk 0:13:59]} 1/2-1/2

[Event "MESRRK"]
[Site "?"]
[Date "2018.05.27"]
[Round "7.7"]
[White "Rakovsky, Jakub"]
[Black "Paluska, Karol"]
[Result "1-0"]
[BlackElo "1431"]
[WhiteElo "1114"]
[LiveChessVersion "1.4.8"]

1. e4 {[%clk 0:20:18]} c6 {[%clk 0:20:19]} 2. d4 {[%clk 0:20:27]} d5
{[%clk 0:20:28]} 3. exd5 {[%clk 0:20:36]} cxd5 {[%clk 0:20:37]} 4. Nf3
{[%clk 0:20:44]} Bg4 {[%clk 0:20:44]} 5. Be2 {[%clk 0:20:45]} e6 {[%clk 0:20:52]}
6. Nc3 {[%clk 0:20:49]} Nc6 {[%clk 0:20:56]} 7. Bf4 {[%clk 0:20:49]} Bb4
{[%clk 0:21:03]} 8. a3 {[%clk 0:20:55]} Ba5 {[%clk 0:21:08]} 9. O-O
{[%clk 0:20:33]} Nf6 {[%clk 0:20:58]} 10. Nb5 {[%clk 0:19:48]} O-O
{[%clk 0:20:32]} 11. Nc3 {[%clk 0:19:38]} Bxc3 {[%clk 0:17:25]} 12. bxc3
{[%clk 0:19:47]} Ne4 {[%clk 0:16:42]} 13. Qd3 {[%clk 0:18:50]} a6
{[%clk 0:13:13]} 14. Rfe1 {[%clk 0:18:55]} Bf5 {[%clk 0:13:19]} 15. Qe3
{[%clk 0:18:30]} b5 {[%clk 0:11:54]} 16. Nd2 {[%clk 0:17:08]} Qf6
{[%clk 0:09:15]} 17. f3 {[%clk 0:15:14]} Nxd2 {[%clk 0:08:59]} 18. Qxd2
{[%clk 0:15:22]} Qd8 {[%clk 0:08:48]} 19. a4 {[%clk 0:15:12]} Qb6
{[%clk 0:07:26]} 20. Reb1 {[%clk 0:14:19]} Na7 {[%clk 0:06:37]} 21. Rb3
{[%clk 0:13:21]} Qc6 {[%clk 0:05:53]} 22. Rba3 {[%clk 0:12:40]} h6
{[%clk 0:03:43]} 23. Bd3 {[%clk 0:08:56]} Bxd3 {[%clk 0:02:53]} 24. cxd3
{[%clk 0:08:51]} Rfc8 {[%clk 0:02:39]} 25. Rc1 {[%clk 0:07:36]} bxa4
{[%clk 0:02:04]} 26. c4 {[%clk 0:07:25]} dxc4 {[%clk 0:01:41]} 27. dxc4
{[%clk 0:07:34]} Rd8 {[%clk 0:01:07]} 28. Be3 {[%clk 0:07:16]} Rac8
{[%clk 0:01:13]} 29. Qa2 {[%clk 0:07:01]} Qd6 {[%clk 0:00:28]} 30. Rxa4
{[%clk 0:06:19]} Rc6 {[%clk 0:00:37]} 31. d5 {[%clk 0:05:38]} exd5
{[%clk 0:00:30]} 32. Bxa7 {[%clk 0:05:18]} dxc4 {[%clk 0:00:38]} 33. Raxc4
{[%clk 0:05:03]} Rxc4 {[%clk 0:00:25]} 34. Qxc4 {[%clk 0:05:03]} a5
{[%clk 0:00:16]} 35. Qc5 {[%clk 0:04:48]} Qxc5+ {[%clk 0:00:16]} 36. Bxc5
{[%clk 0:04:18]} Rc8 {[%clk 0:00:17]} 37. Ba3 {[%clk 0:04:19]} Re8
{[%clk 0:00:22]} 38. Kf2 {[%clk 0:04:26]} g5 {[%clk 0:00:28]} 39. Rc5
{[%clk 0:04:29]} Ra8 {[%clk 0:00:31]} 40. Rc1 {[%clk 0:04:12]} Kg7
{[%clk 0:00:36]} 41. Ra1 {[%clk 0:04:20]} Rc8 {[%clk 0:00:28]} 42. Bb2+
{[%clk 0:04:02]} f6 {[%clk 0:00:34]} 43. Bd4 {[%clk 0:04:00]} Ra8
{[%clk 0:00:40]} 44. Ke3 {[%clk 0:04:01]} a4 {[%clk 0:00:48]} 45. Kd3
{[%clk 0:04:08]} Kg6 {[%clk 0:00:43]} 46. Kc4 {[%clk 0:03:50]} h5
{[%clk 0:00:52]} 47. Ra2 {[%clk 0:03:45]} g4 {[%clk 0:00:49]} 48. fxg4
{[%clk 0:03:37]} hxg4 {[%clk 0:00:58]} 49. Rf2 {[%clk 0:03:41]} f5
{[%clk 0:00:52]} 50. Be5 {[%clk 0:03:21]} Re8 {[%clk 0:00:26]} 51. Bd4
{[%clk 0:03:24]} Kg5 {[%clk 0:00:15]} 52. g3 {[%clk 0:03:27]} Ra8
{[%clk 0:00:14]} 53. Kb4 {[%clk 0:03:03]} Kg6 {[%clk 0:00:13]} 54. Be3
{[%clk 0:02:59]} Re8 {[%clk 0:00:22]} 55. Bf4 {[%clk 0:03:08]} Re4+
{[%clk 0:00:30]} 56. Ka3 {[%clk 0:03:12]} Kf6 {[%clk 0:00:39]} 57. Rb2
{[%clk 0:03:16]} Kf7 {[%clk 0:00:44]} 58. Rb4 {[%clk 0:03:22]} Re2
{[%clk 0:00:34]} 59. Rb5 {[%clk 0:02:44]} Kf6 {[%clk 0:00:28]} 60. Kxa4
{[%clk 0:02:40]} Rxh2 {[%clk 0:00:37]} 61. Ka5 {[%clk 0:02:48]} Ra2+
{[%clk 0:00:34]} 62. Kb6 {[%clk 0:02:56]} Re2 {[%clk 0:00:39]} 63. Rd5
{[%clk 0:02:56]} Re6+ {[%clk 0:00:18]} 64. Rd6 {[%clk 0:03:03]} Rxd6+
{[%clk 0:00:27]} 65. Bxd6 Kg5 66. Bf4+ {[%clk 0:03:22]} Kf6 {[%clk 0:00:46]} 67.
Kc5 {[%clk 0:03:31]} Kg6 {[%clk 0:00:55]} 68. Kd5 {[%clk 0:03:36]} Kf6
{[%clk 0:01:04]} 69. Bc7 {[%clk 0:03:43]} Kg5 {[%clk 0:01:13]} 70. Ke5
{[%clk 0:03:46]} Kg6 {[%clk 0:00:58]} 71. Bd8 {[%clk 0:03:46]} Kf7
{[%clk 0:01:04]} 72. Kxf5 {[%clk 0:03:53]} Ke8 {[%clk 0:01:13]} 73. Bc7
{[%clk 0:03:59]} Kf8 {[%clk 0:01:22]} 74. Kxg4 {[%clk 0:04:07]} Kg7
{[%clk 0:01:31]} 75. Kg5 {[%clk 0:04:15]} Kg8 {[%clk 0:01:40]} 76. g4
{[%clk 0:04:20]} Kg7 {[%clk 0:01:47]} 77. Be5+ {[%clk 0:04:29]} Kg8
{[%clk 0:01:57]} 78. Kg6 {[%clk 0:04:35]} Kf8 {[%clk 0:02:14]} 79. Kh7
{[%clk 0:04:49]} Kf7 {[%clk 0:02:22]} 80. g5 {[%clk 0:04:58]} 1-0

[Event "MESRRK"]
[Site "?"]
[Date "2018.05.27"]
[Round "7.8"]
[White "Boba, Dominik"]
[Black "Gartner, Mikulas"]
[Result "1/2-1/2"]
[BlackElo "1314"]
[WhiteElo "1430"]
[LiveChessVersion "1.4.8"]

1. d4 {[%clk 0:20:18]} Nf6 {[%clk 0:20:16]} 2. c4 {[%clk 0:20:26]} e6
{[%clk 0:20:16]} 3. Nc3 {[%clk 0:20:28]} d5 {[%clk 0:20:07]} 4. cxd5
{[%clk 0:20:31]} exd5 {[%clk 0:20:12]} 5. Bg5 {[%clk 0:20:37]} Be7
{[%clk 0:20:13]} 6. e3 {[%clk 0:20:44]} Nbd7 {[%clk 0:20:09]} 7. Bd3
{[%clk 0:20:38]} c6 {[%clk 0:19:58]} 8. Nge2 {[%clk 0:20:19]} b6 {[%clk 0:19:41]}
9. a3 {[%clk 0:19:51]} O-O {[%clk 0:19:28]} 10. O-O {[%clk 0:19:46]} Bb7
{[%clk 0:19:09]} 11. b4 {[%clk 0:19:44]} Qc7 {[%clk 0:18:37]} 12. Bf4
{[%clk 0:18:51]} Bd6 {[%clk 0:18:15]} 13. Bxd6 {[%clk 0:18:15]} Qxd6
{[%clk 0:18:17]} 14. h3 {[%clk 0:17:31]} Rfe8 {[%clk 0:17:50]} 15. Rc1
{[%clk 0:16:31]} c5 {[%clk 0:15:13]} 16. bxc5 {[%clk 0:14:30]} bxc5
{[%clk 0:14:59]} 17. dxc5 {[%clk 0:14:38]} Nxc5 {[%clk 0:14:35]} 18. Nb5
{[%clk 0:13:56]} Qe7 {[%clk 0:13:55]} 19. Ned4 {[%clk 0:09:57]} Nxd3
{[%clk 0:12:31]} 20. Qxd3 {[%clk 0:10:01]} Ba6 {[%clk 0:11:58]} 21. Qd2
{[%clk 0:05:23]} Rec8 {[%clk 0:07:58]} 22. Qa5 {[%clk 0:03:38]} Bxb5
{[%clk 0:06:06]} 23. Nxb5 {[%clk 0:02:45]} Qd8 {[%clk 0:03:26]} 24. Rxc8
{[%clk 0:01:24]} Qxc8 {[%clk 0:02:35]} 25. Qd2 {[%clk 0:00:58]} a6
{[%clk 0:02:22]} 26. Rc1 {[%clk 0:00:57]} Qd7 {[%clk 0:01:41]} 27. Nd4
{[%clk 0:00:28]} 1/2-1/2